|
|
|
|
| LEADER |
00661nta a2200169 i 4500 |
| 001 |
dipl20566 |
| 005 |
20130314080213.0 |
| 008 |
111122s1982 hu om 0|| zxx d |
| 040 |
|
|
|a SZTE Diploma Repozitórium
|b hun
|
| 041 |
|
|
|a zxx
|
| 100 |
1 |
|
|a Molnár Miklós
|
| 245 |
1 |
2 |
|a A kisajátítás szabályozásának egyes kérdései
|h [elektronikus dokumentum] /
|c Miklós Molnár
|
| 246 |
1 |
0 |
|a A kisajátítás szabályozásának egyes kérdései
|h [elektronikus dokumentum]
|
| 260 |
|
|
|c 1982
|
| 650 |
|
4 |
|a Jogi és igazgatási tanulmányok
|
| 700 |
1 |
|
|a Kaltenbach Jenő
|e ths
|
| 856 |
4 |
0 |
|u http://diploma.bibl.u-szeged.hu/id/eprint/20566/1/1982_molnar_miklos.pdf
|z Dokumentum-elérés
|